Statistics for Top 10 NBA Players Per Draft 2010s

Click here to take the quiz!

General Stats

  • This quiz has been taken 798 times
    (671 since last reset)
  • The average score is 59 of 100

Answer Stats

DraftRedraftPickPlayerFirst Team% Correct
201912Ja MorantMEM
98%
201921Zion WilliamsonNOP
98%
201813Luka DoncicDAL
92%
201825Trae YoungATL
92%
201935Darius GarlandCLE
89%
2015113Devin BookerPHO
89%
2014141Nikola JokićDEN
89%
201713Jayson TatumBOS
88%
201521Karl-Anthony TownsMIN
88%
201611Ben SimmonsPHI
86%
201841Deandre AytonPHO
86%
201211Anthony DavisNOH
85%
201226Damian LillardPOR
85%
2013115Giannis AntetokounmpoMIL
85%
201423Joel EmbiidPHI
85%
2011311Klay ThompsonGSW
85%
2019513Tyler HerroMIA
84%
2017213Donovan MitchellUTA
83%
201772Lonzo BallLAL
83%
201943R.J. BarrettNYK
83%
201233Bradley BealWAS
82%
2012435Draymond GreenGSW
82%
201854Jaren Jackson Jr.MEM
81%
201643Jaylen BrownBOS
81%
2010110Paul GeorgeIND
81%
201021John WallWAS
80%
2011115Kawhi LeonardSAS
80%
201121Kyrie IrvingCLE
79%
201745De'Aaron FoxSAC
78%
2017314Bam AdebayoMIA
77%
201532D'Angelo RussellLAL
77%
201441Andrew WigginsMIN
76%
2016729Dejounte MurraySAS
76%
201667Jamal MurrayDEN
76%
2016227Pascal SiakamTOR
75%
2013227Rudy GobertUTA
75%
201457Julius RandleLAL
74%
2018311Shai Gilgeous-AlexanderLAC
74%
201632Brandon IngramLAL
72%
2011430Jimmy ButlerCHI
70%
2013310CJ McCollumPOR
69%
201879Michael Porter Jr.DEN
69%
201862Mikal BridgesPHO
69%
201888Miles BridgesCHA
69%
2013103Otto Porter Jr.WAS
68%
20191011Cameron JohnsonPHO
65%
2019912Keldon JohnsonSAS
65%
201035DeMarcus CousinsSAC
64%
201159Kemba WalkerCHA
64%
2014313Zach LaVineMIN
63%
201544Kristaps PorzingisNYK
62%
2012539Khris MiddletonDET
61%
201494Aaron GordonORL
59%
201269Andre DrummondDET
59%
201974De'Andre HunterATL
58%
2016511Domantas SabonisOKC
58%
2014625Clint CapelaHOU
57%
2017619John CollinsATL
57%
2011860Isaiah ThomasSAC
56%
2017927Kyle KuzmaLAL
56%
2014106Marcus SmartBOS
55%
2011719Tobias HarrisMIL
55%
201342Victor OladipoORL
55%
2017522Jarrett AllenBRK
52%
2013512Steven AdamsOKC
51%
2010102Evan TurnerPHI
50%
201277Harrison BarnesGSW
50%
2015511Myles TurnerIND
50%
2018107Wendell Carter Jr.CHI
47%
2019821Brandon ClarkeMEM
46%
201049Gordon HaywardUTA
45%
2011616Nikola VučevićPHI
44%
2016836Malcolm BrogdonMIL
43%
201195Jonas ValančiūnasTOR
40%
2014716Jusuf NurkićDEN
38%
2017107Lauri MarkkanenCHI
38%
201696Buddy HieldNOP
37%
2014839Jerami GrantPHI
36%
20161020Caris LeVertBRK
33%
2019620Matisse ThybullePHI
33%
201368Kentavious Caldwell-PopeDET
32%
201786OG AnunobyORL
27%
20111031Bojan BogdanovicNJN
26%
2015846Norman PowellTOR
26%
2015716Terry RozierBOS
26%
2010518Eric BledsoeLAC
24%
2013724Tim Hardaway Jr.NYK
23%
2013817Dennis SchröderATL
21%
2018934Gary Trent Jr.POR
21%
2015915Kelly Oubre Jr.WAS
20%
2012108Terrence RossTOR
20%
2012820Evan FournierDEN
19%
201097Greg MonroeDET
18%
2010819Avery BradleyBOS
17%
2010633Hassan WhitesideSAC
17%
201073Derrick FavorsNJN
16%
2012934Jae CrowderDAL
16%
20151027Larry Nance Jr.LAL
16%
2015632Montrezl HarrellHOU
14%
2013922Mason PlumleeBRK
13%

Score Distribution

Percentile by Number Answered

Percent of People with Each Score

Your Score History

You have not taken this quiz since the last reset